000
00255nam a2200085Ia 4500
245
0
_a
Collective bargaining in the workplace
100
_a
Grogan, John Claremont, South Africa, 2011
_9
48060
942
_c
BK
008
210817s9999 xx 000 0 und d
999
_c
258659
_d
258657